Sports Quiz

Random Sports or Olympics Quiz

Olympic Sports ever Quiz Stats

 Plays Quiz not verified by Sporcle

Challenge
Share
Tweet
Embed
Score 0/43 Timer 12:00
0 Plays Today
Sport % Correct
Swimming
91.4%
Football
86.2%
Basketball
84.5%
Baseball
79.3%
Diving
79.3%
Archery
77.6%
Tennis
77.6%
Boxing
75.9%
Cycling
72.4%
Wrestling
72.4%
Gymnastics
70.7%
Athletics
69%
Badminton
69%
Shooting
69%
Table Tennis
65.5%
Hockey
63.8%
Fencing
62.1%
Judo
62.1%
Golf
60.3%
Equestrian
58.6%
Rowing
58.6%
Handball
56.9%
Sport % Correct
Volleyball
56.9%
Weightlifting
56.9%
Sailing
55.2%
Water Polo
55.2%
Canoeing
51.7%
Triathlon
51.7%
Cricket
50%
Softball
48.3%
Synchronized swimming
48.3%
Rugby
46.6%
Taekwondo
46.6%
Modern Pentathlon
34.5%
Tug of war
34.5%
Polo
32.8%
Lacrosse
27.6%
Croquet
20.7%
Rackets
6.9%
Water motorsports
6.9%
Basque pelota
5.2%
Jeu de paume
3.4%
Roque
3.4%

You're not logged in!

Compare scores with friends on all Sporcle quizzes.
Join for Free
OR
Log In

You Might Also Like...

Show Comments

Extras

Created May 29, 2011ReportNominate
Tags:Olympics Quiz

Top Quizzes Today


Score Distribution

Your Account Isn't Verified!

In order to create a playlist on Sporcle, you need to verify the email address you used during registration. Go to your Sporcle Settings to finish the process.

Report this User

Report this user for behavior that violates our Community Guidelines.

Details: